000 01979nam a2200241 4500
001 0000008465
005 20250329165420.0
008 180125s2017 000 0 eng d
040 _aCO-CtgCURN
_bspa
_ccoctgcurn
082 0 _aCOP 2017
_bG216
100 1 _aGarcía Herrera , Karen.
245 1 3 _aLa práctica de la revisoria fiscal en Colombia por la entrada en vigencia de las normas de aseguramiento de la información financiera /
_cKaren García Herrera ; María Garcés Tamara.
260 _aCartagena de Indias :
_bCorporación Universitaria Rafael Nuñez,
_c2017.
300 _a51 p.
502 _aTrabajo de Grado. (Contador ). Corporación Universitaria Rafael Nuñez . Facultad de Ciencias Contables y Administrativas . Programa de Contaduria, 2017.
520 _aColombia es considerado actualmente un pais en via de desarrollo o emergente , esto es resultado de la apertura economica patrocinada en la decada de los 90, patrocinada en la poca por el presidente, quien a traves de este mecanismo capitalista acabo con el protecciónalismo industrial heredado de la poca de la colonia e incluso de la republica, permitiendo que el pais tuviese mayor acogida hacia la inversion extranjera , modernizacion industrial, libre competencia del mercado, entre otros factores. En dicho proceso los gobiernos venideros, abuscaron analizar con organismos internacionales de caracter multilateral algunos, con el proposito de bucar los mejores patrocinadores para el auge que a Colombia se le deseaba dar desde lo economico.
650 0 _aContaduria pública
_vTesis y Disertaciones Academicas.
700 1 _aGarcés Tamara, María.
700 1 _aZambrano Torres, José,
_cAsesor.
856 7 _uhttps://unicurn.sharepoint.com/:b:/s/biblioteca/EalJURxrRS5Mu5nJ_tsqDEcB8MM2CK-F8m53goRQb_ccag?e=jrimOM
_zClick aqui para ver el recurso en texto completo
942 _2ddc
_cTG
_hCOP 2017
_iG216
999 _c3212
_d3212